[Event "Cto Aragón Equipos DH Gr II"]
[Site "Aragon"]
[Date "2015.02.21"]
[Round "5.27"]
[White "Quintin Navarro, Alberto"]
[Black "Sacristan Latorre, Alberto"]
[Result "1-0"]
[WhiteElo "2331"]
[BlackElo "2021"]
[PlyCount "121"]
[EventDate "2015.01.24"]
[WhiteTeam "St. Casablanca"]
[BlackTeam "CMU Cerbuna"]

1. d4 Nf6 2. Nf3 d5 3. c4 e6 4. g3 a6 5. Bg2 dxc4 6. O-O Nc6 7. Bg5 Be7 8. e3
h6 9. Bxf6 Bxf6 10. Nfd2 Na5 11. Qa4+ c6 12. Nxc4 Nxc4 13. Qxc4 O-O 14. Nc3 Bd7
15. Rfd1 Rc8 16. Ne4 Be7 17. Rac1 Qc7 18. Nc5 Rfd8 19. e4 Qb6 20. e5 Bxc5 21.
Qxc5 Qxb2 22. Rb1 Qe2 23. Qc3 b5 24. a3 Qg4 25. Qa5 Ra8 26. Rbc1 Be8 27. h3 Qh5
28. Kh2 Rdc8 29. f4 Qe2 30. Qc3 a5 31. Rd2 Qh5 32. Qc5 Qf5 33. Qe7 a4 34. Re1
Qh7 35. Be4 g6 36. Qc5 Qg7 37. g4 Qf8 38. Qc3 Rab8 39. f5 b4 40. Qe3 b3 41. Rf2
Qg7 42. Ree2 Rc7 43. h4 c5 44. h5 exf5 45. gxf5 g5 46. f6 Qf8 47. Bb1 Kh8 48.
Qe4 Qg8 49. d5 c4 50. e6 c3 51. d6 Rc6 52. Qd4 c2 53. Bxc2 bxc2 54. Rxc2 Rxc2
55. Rxc2 Rd8 56. d7 Bxd7 57. exd7 Qf8 58. Rc3 Rb8 59. Qe5 Rd8 60. Qe7 Qg8 61.
Qxd8 1-0

[Event "Cto Aragón Equipos DH Gr II"]
[Site "Aragon"]
[Date "2015.02.21"]
[Round "5.28"]
[White "Colom Sienes, Eduardo"]
[Black "Lopez Gracia, Fernando"]
[Result "1/2-1/2"]
[WhiteElo "2005"]
[BlackElo "2327"]
[PlyCount "84"]
[EventDate "2015.01.24"]
[WhiteTeam "CMU Cerbuna"]
[BlackTeam "St. Casablanca"]

1. e4 c5 2. Nf3 Nc6 3. d4 cxd4 4. Nxd4 g6 5. Nc3 Bg7 6. Be3 Nf6 7. Bc4 Qa5 8.
O-O O-O 9. Bb3 d6 10. h3 Bd7 11. Re1 Nxd4 12. Bxd4 Bc6 13. Nd5 Bxd5 14. exd5
Rfe8 15. Bxf6 exf6 16. c3 f5 17. Qd2 Qc5 18. Rxe8+ Rxe8 19. Re1 Rxe1+ 20. Qxe1
Be5 21. Qe3 Qxe3 22. fxe3 Bg3 23. Kf1 Kg7 24. Bc2 Kf6 25. Ke2 Ke5 26. c4 h5 27.
Ba4 g5 28. Bd1 g4 29. Kd3 Be1 30. Ba4 f6 31. Be8 h4 32. Bh5 gxh3 33. gxh3 Ba5
34. Bf3 Bb6 35. Bh5 Bc5 36. b3 a5 37. Bf3 f4 38. e4 b6 39. Bh5 f5 40. exf5 Kxf5
41. Bg4+ Ke5 42. Bh5 Bb4 1/2-1/2

[Event "Cto Aragón Equipos DH Gr II"]
[Site "Aragon"]
[Date "2015.02.21"]
[Round "5.29"]
[White "Colas Longares, Rafael P"]
[Black "Hefty, Jorge W"]
[Result "1-0"]
[WhiteElo "2270"]
[BlackElo "2325"]
[PlyCount "117"]
[EventDate "2015.01.24"]
[WhiteTeam "Caissa"]
[BlackTeam "Ibercaja"]

1. e4 c5 2. Nc3 e6 3. f4 d5 4. Nf3 dxe4 5. Nxe4 Nc6 6. Bb5 Bd7 7. Qe2 Nh6 8. b3
Qc7 9. Bxc6 Bxc6 10. Ne5 O-O-O 11. Nxc6 Qxc6 12. Bb2 f6 13. O-O Be7 14. d3 Rhe8
15. Kh1 Bf8 16. a4 Nf5 17. Qf2 Kb8 18. Nd2 h5 19. Nc4 h4 20. Rae1 h3 21. Ne3
Bd6 22. Qf3 Qxf3 23. Rxf3 hxg2+ 24. Nxg2 Re7 25. Ne3 Nxe3 26. Rexe3 Rh8 27. Re2
Rh5 28. Kg2 Kc7 29. Bc1 Kd7 30. Rh3 Rxh3 31. Kxh3 Re8 32. Kg4 Rh8 33. Be3 f5+
34. Kf3 Rh3+ 35. Kg2 Rh4 36. h3 b6 37. Rf2 Ke7 38. Rf3 Kf7 39. Bd2 a6 40. Kf2
g5 41. fxg5 Kg6 42. Kg2 e5 43. Be1 Rh7 44. h4 f4 45. Rf1 b5 46. axb5 axb5 47.
Kf3 c4 48. Kg4 cxd3 49. cxd3 Rc7 50. h5+ Kg7 51. Bh4 Rc3 52. Ra1 f3 53. Ra7+
Bc7 54. Kxf3 Rxd3+ 55. Ke4 Rd4+ 56. Kf5 Rf4+ 57. Ke6 Rxh4 58. Rxc7+ Kh8 59. Kf6
1-0

[Event "Cto Aragón Equipos DH Gr II"]
[Site "Aragon"]
[Date "2015.02.21"]
[Round "5.30"]
[White "Martinez Cebolla, Alberto"]
[Black "Garcia Vicente, Nieves"]
[Result "0-1"]
[WhiteElo "2050"]
[BlackElo "2171"]
[PlyCount "56"]
[EventDate "2015.01.24"]
[WhiteTeam "Ibercaja"]
[BlackTeam "Caissa"]

1. e4 e5 2. Nf3 Nc6 3. d4 exd4 4. Nxd4 Nf6 5. Nc3 Bb4 6. Nxc6 bxc6 7. Bd3 d5 8.
exd5 cxd5 9. O-O O-O 10. Bg5 c6 11. Na4 h6 12. Bh4 Re8 13. c3 Bd6 14. c4 Bd7
15. c5 Be5 16. Bg3 Bxg3 17. hxg3 Ng4 18. Qd2 Qf6 19. Rfe1 Bf5 20. Bxf5 Qxf5 21.
f3 Nf6 22. b4 Rab8 23. a3 Nd7 24. Nc3 Ne5 25. Ne2 Qxf3 26. Nd4 Qh5 27. Rxe5
Qxe5 28. Nxc6 Qxa1+ 0-1

[Event "Cto Aragón Equipos DH Gr II"]
[Site "Aragon"]
[Date "2015.02.21"]
[Round "5.31"]
[White "Gil Capape, Marco Antonio"]
[Black "Jimenez Fernandez, Alejandro"]
[Result "1-0"]
[WhiteElo "2073"]
[BlackElo "2007"]
[PlyCount "105"]
[EventDate "2015.01.24"]
[WhiteTeam "Caissa"]
[BlackTeam "Ibercaja"]

1. e4 c6 2. d4 d5 3. Nd2 dxe4 4. Nxe4 Bf5 5. Ng5 e6 6. c3 Be7 7. h4 h6 8. N5f3
Nf6 9. Ne5 Nbd7 10. Ngf3 Nxe5 11. Nxe5 Nd7 12. Bf4 Nxe5 13. Bxe5 Bf6 14. Qb3
Bxe5 15. dxe5 O-O 16. Be2 Qa5 17. f4 Qc5 18. Qb4 Qe3 19. Qd4 Qxd4 20. cxd4 Be4
21. Kf2 Rfd8 22. Rhd1 Rd7 23. g3 Rad8 24. Ke3 Bg2 25. Rac1 Kf8 26. Rd2 b6 27.
b4 Ke7 28. Bc4 Bd5 29. Bxd5 cxd5 30. Rdc2 f5 31. Rc6 Rg8 32. h5 Re8 33. R1c3
Kf7 34. Kd2 g6 35. hxg6+ Kxg6 36. Kc2 Kh5 37. Kb3 Kg4 38. Ka4 Rg7 39. Kb5 Ree7
40. Rc8 Kh3 41. Rh8 Rh7 42. Rxh7 Rxh7 43. Kc6 h5 44. Kd6 Rh6 45. Ke7 Rg6 46.
Rc1 Rh6 47. Kf7 Rh7+ 48. Kxe6 Kxg3 49. Kxf5 Kg2 50. Kg6 Rh8 51. f5 h4 52. f6
Rg8+ 53. Kf7 1-0

[Event "Cto Aragón Equipos DH Gr II"]
[Site "Aragon"]
[Date "2015.02.21"]
[Round "5.32"]
[White "Castillo Sanjuan, Daniel"]
[Black "Carraminana Lopez, Luis Antoni"]
[Result "0-1"]
[WhiteElo "1998"]
[BlackElo "1968"]
[PlyCount "74"]
[EventDate "2015.01.24"]
[WhiteTeam "Ibercaja"]
[BlackTeam "Caissa"]

1. e4 c6 2. d4 d5 3. Nc3 dxe4 4. Nxe4 Bf5 5. Ng3 Bg6 6. f4 e6 7. Nf3 Bd6 8. Bd3
Ne7 9. c3 c5 10. Qa4+ Nbc6 11. Bxg6 hxg6 12. Ne4 cxd4 13. Nxd4 a6 14. Nxc6 Nxc6
15. Be3 Be7 16. O-O O-O 17. Rad1 Qc7 18. Ng5 Rad8 19. Rde1 Rd5 20. Qe4 Qd7 21.
b4 Rd8 22. Rf3 Bxg5 23. fxg5 Rd1 24. Rxd1 Qxd1+ 25. Rf1 Qd3 26. Qf3 Rd7 27. Bc5
Qxf3 28. Rxf3 b5 29. h4 Ne5 30. Re3 Nd3 31. Bd4 Nxb4 32. Bxg7 Nd5 33. Bd4 Nxe3
34. Bxe3 Rd3 35. Bd4 b4 36. Kf2 bxc3 37. Bf6 c2 0-1

[Event "Cto Aragón Equipos Pref Gr I"]
[Site "Aragon"]
[Date "2015.02.21"]
[Round "5.33"]
[White "Ramiro Ovejero, Juan Luis"]
[Black "Ainsa Claver, Ignacio"]
[Result "1-0"]
[WhiteElo "2350"]
[BlackElo "1958"]
[PlyCount "73"]
[EventDate "2015.01.24"]
[WhiteTeam "Jaime Casas B"]
[BlackTeam "Sabiñanigo"]

1. e4 e6 2. d4 d5 3. Nd2 c5 4. Ngf3 Nc6 5. Bb5 a6 6. Bxc6+ bxc6 7. O-O cxd4 8.
Nxd4 c5 9. Nc6 Qd6 10. exd5 Qxd5 11. Na5 Nf6 12. c4 Qd8 13. Qf3 Bd7 14. Ndb3
Rc8 15. Rd1 Qb6 16. Bf4 Be7 17. Rd3 O-O 18. Rad1 Bc6 19. Nxc6 Qxc6 20. Qxc6
Rxc6 21. Na5 Rb6 22. b3 Ne8 23. Rd7 Bf6 24. Be3 Bc3 25. Nb7 Bd4 26. Bxd4 cxd4
27. R1xd4 Nf6 28. Re7 g6 29. f3 Kg7 30. Rd6 Rxd6 31. Nxd6 Ng8 32. Ra7 Kf6 33.
f4 e5 34. fxe5+ Kxe5 35. Nxf7+ Kd4 36. Ng5 Ke3 37. Rxa6 1-0

[Event "Cto Aragón Equipos Pref Gr I"]
[Site "Aragon"]
[Date "2015.02.21"]
[Round "5.34"]
[White "Calleja Sanchez, Alfredo"]
[Black "Fontana Sotomayor, Luis Javier"]
[Result "0-1"]
[WhiteElo "1944"]
[BlackElo "2302"]
[PlyCount "62"]
[EventDate "2015.01.24"]
[WhiteTeam "Sabiñanigo"]
[BlackTeam "Jaime Casas B"]

1. e4 c6 2. d3 d5 3. Nd2 e5 4. Ngf3 Nd7 5. g3 Ngf6 6. Bg2 dxe4 7. dxe4 Bc5 8.
O-O O-O 9. Qe2 Re8 10. Nb3 Bf8 11. Bh3 a5 12. Rd1 a4 13. Nbd2 Qc7 14. Ng5 Nc5
15. Bxc8 Raxc8 16. b4 axb3 17. axb3 h6 18. Ngf3 b5 19. Bb2 Rcd8 20. Ra2 Ncxe4
21. Rda1 Nxd2 22. Nxd2 Bc5 23. Ne4 Nxe4 24. Qxe4 Rd2 25. Rf1 Qb6 26. Qf5 Rd6
27. b4 Bxb4 28. Bxe5 Qc5 29. Qf4 Rxe5 30. Ra8+ Kh7 31. Qxf7 Qd5 0-1

[Event "Cto Aragón Equipos Pref Gr I"]
[Site "Aragon"]
[Date "2015.02.21"]
[Round "5.35"]
[White "Maza Broto, Pablo"]
[Black "Climente Martinez, Jose Luis"]
[Result "0-1"]
[WhiteElo "2076"]
[BlackElo "1891"]
[PlyCount "108"]
[EventDate "2015.01.24"]
[WhiteTeam "Jaime Casas B"]
[BlackTeam "Sabiñanigo"]

1. d4 d5 2. Nf3 Nf6 3. c4 c6 4. e3 Bf5 5. Nc3 e6 6. Bd3 Bxd3 7. Qxd3 Bd6 8. O-O
Nbd7 9. e4 dxe4 10. Nxe4 Nxe4 11. Qxe4 Nf6 12. Qe2 h6 13. b4 O-O 14. Rb1 Qe7
15. c5 Bc7 16. b5 Nd5 17. Bd2 cxb5 18. Rxb5 Rab8 19. Ne5 Bxe5 20. Qxe5 Qd7 21.
Rb3 Ne7 22. Qe4 Qd5 23. Qxd5 Nxd5 24. Rfb1 b6 25. a4 Rbc8 26. Rb5 Rc6 27. a5
Nc7 28. R5b3 b5 29. Bf4 a6 30. Bxc7 Rxc7 31. f4 Rd8 32. Rd1 Rxc5 33. dxc5 Rxd1+
34. Kf2 Rc1 35. Rd3 Rxc5 36. Rd8+ Kh7 37. Rd6 b4 38. Rxa6 Kg6 39. Rb6 Rxa5 40.
Rxb4 h5 41. Rb7 f6 42. Kf3 Ra3+ 43. Kf2 h4 44. Rb5 f5 45. Rb8 h3 46. gxh3 Rxh3
47. Kg2 Ra3 48. h3 Kf6 49. Rb6 Rd3 50. Ra6 g6 51. Rb6 Re3 52. Rb4 Re4 53. Rxe4
fxe4 54. Kf2 Kf5 0-1

[Event "Cto Aragón Equipos Pref Gr I"]
[Site "Aragon"]
[Date "2015.02.21"]
[Round "5.36"]
[White "Escartin Buisan, Francisco Jav"]
[Black "Rodriguez Leiva, Manuel"]
[Result "1-0"]
[WhiteElo "1848"]
[BlackElo "1956"]
[PlyCount "35"]
[EventDate "2015.01.24"]
[WhiteTeam "Sabiñanigo"]
[BlackTeam "Jaime Casas B"]

1. c4 e5 2. Nc3 Nf6 3. g3 Nc6 4. Bg2 Bc5 5. e3 O-O 6. Nge2 d6 7. O-O Rb8 8. b3
Bf5 9. d4 Bb6 10. Bb2 Qc8 11. Nd5 Nxd5 12. cxd5 Nb4 13. e4 Bg4 14. dxe5 Bh3 15.
exd6 cxd6 16. Nc3 Qd7 17. Na4 Bd8 18. Qd4 1-0

[Event "Cto Aragón Equipos Pref Gr I"]
[Site "Aragon"]
[Date "2015.02.21"]
[Round "5.37"]
[White "Faro Perella, Alberto"]
[Black "Pes Mateo, Angel"]
[Result "1-0"]
[WhiteElo "1927"]
[BlackElo "1986"]
[PlyCount "65"]
[EventDate "2015.01.24"]
[WhiteTeam "Binefar"]
[BlackTeam "Delicias B"]

1. d4 Nf6 2. c4 d6 3. Nc3 e5 4. d5 Be7 5. e4 O-O 6. Nf3 a5 7. h3 Na6 8. Be3 h6
9. Be2 Nh7 10. g4 Ng5 11. Qd2 Nxf3+ 12. Bxf3 Bg5 13. h4 Bxe3 14. Qxe3 f6 15.
O-O-O Bd7 16. Rdg1 Kh7 17. g5 Qe8 18. Qe2 Nc5 19. Rh2 b5 20. Rhg2 g6 21. gxh6
b4 22. Nb5 Bxb5 23. cxb5 Rg8 24. Bh5 Rb8 25. Rxg6 Rxg6 26. Bxg6+ Qxg6 27. Rxg6
Kxg6 28. Kc2 Kxh6 29. Qg4 Kh7 30. h5 Rf8 31. Qg6+ Kh8 32. h6 Rg8 33. Qxf6+ 1-0

[Event "Cto Aragón Equipos Pref Gr I"]
[Site "Aragon"]
[Date "2015.02.21"]
[Round "5.39"]
[White "Arino Castan, Federico"]
[Black "Sanchez Perez, Carlos"]
[Result "0-1"]
[WhiteElo "1777"]
[BlackElo "1499"]
[PlyCount "116"]
[EventDate "2015.01.24"]
[WhiteTeam "Binefar"]
[BlackTeam "Delicias B"]

1. d4 d5 2. c4 e6 3. Nf3 Nf6 4. e3 Nbd7 5. Bd3 Be7 6. O-O c6 7. Nbd2 Qc7 8. Re1
e5 9. dxe5 Nxe5 10. Nxe5 Qxe5 11. Nf3 Qc7 12. e4 dxe4 13. Bxe4 Nxe4 14. Rxe4
O-O 15. Bf4 Qd8 16. Qe2 Bf6 17. Rd1 Qb6 18. Be5 Bf5 19. Rf4 Bg6 20. Bxf6 gxf6
21. b3 Rfe8 22. Qb2 Rad8 23. Rxd8 Qxd8 24. h4 Bh5 25. g4 Bg6 26. h5 Be4 27.
Qxf6 Qxf6 28. Rxf6 Bb1 29. Ng5 Bxa2 30. Rxf7 Re5 31. Rf5 Rxf5 32. gxf5 Bxb3 33.
c5 Kg7 34. Kf1 h6 35. Ne4 b6 36. cxb6 axb6 37. Ke2 Bd5 38. f3 b5 39. Kd2 Bxe4
40. fxe4 Kf6 41. Kc3 c5 42. Kd3 Ke5 43. Kc3 Kf6 44. Kd3 Kg5 45. Ke3 b4 46. Kd3
Kxh5 47. e5 Kg5 48. e6 Kf6 49. Kc4 h5 50. Kxc5 b3 51. Kd6 b2 52. e7 b1=Q 53.
e8=Q Qxf5 54. Qe7+ Kg6 55. Qe2 Qf6+ 56. Kc5 h4 57. Qe4+ Kh5 58. Qd5+ Qg5 0-1

[Event "Cto Aragón Equipos Pref Gr I"]
[Site "Aragon"]
[Date "2015.02.21"]
[Round "5.42"]
[White "Perez Puyal, Jose Joaquin"]
[Black "Puertolas Serena, Arturo"]
[Result "1/2-1/2"]
[WhiteElo "1922"]
[BlackElo "1919"]
[PlyCount "88"]
[EventDate "2015.01.24"]
[WhiteTeam "Jaque"]
[BlackTeam "La Aurora Estadilla B"]

1. d4 d5 2. Nf3 Nf6 3. Bf4 c5 4. c3 Nc6 5. e3 Qb6 6. Qb3 e6 7. h3 Be7 8. Nbd2
O-O 9. Be2 c4 10. Qc2 Qd8 11. O-O b5 12. Ne5 Nxe5 13. dxe5 Nd7 14. Nf3 f6 15.
Nd4 Qb6 16. exf6 Bxf6 17. Bg3 Nc5 18. b3 cxb3 19. axb3 Bd7 20. Bf3 Rac8 21. Qa2
a6 22. Rfc1 Kh8 23. Rc2 e5 24. Ne2 Be6 25. Bg4 Bxg4 26. hxg4 Rc6 27. g5 Bxg5
28. Bxe5 Bf6 29. Bd4 Qc7 30. Nf4 Qd6 31. Rac1 Ne6 32. Bxf6 Nxf4 33. Bxg7+ Kxg7
34. exf4 Qxf4 35. Qb2 Rh6 36. c4+ d4 37. f3 Qh2+ 38. Kf2 Qh4+ 39. Kg1 Re8 40.
Re2 Rxe2 41. Qxe2 Qh1+ 42. Kf2 Qxc1 43. Qe7+ Kg6 44. Qe6+ Kg5 1/2-1/2

[Event "Cto Aragón Equipos Pref Gr I"]
[Site "Aragon"]
[Date "2015.02.21"]
[Round "5.43"]
[White "Fuentes Espuna, Juan Antonio"]
[Black "Escartin Lacasa, Jose"]
[Result "1/2-1/2"]
[WhiteElo "1912"]
[BlackElo "1626"]
[PlyCount "126"]
[EventDate "2015.01.24"]
[WhiteTeam "La Aurora Estadilla B"]
[BlackTeam "Jaque"]

1. d4 d5 2. c4 c6 3. Nc3 Nf6 4. Bf4 g6 5. e3 Bg7 6. Nf3 O-O 7. h3 e6 8. Bd3
Nbd7 9. O-O b6 10. Qc2 Bb7 11. Rfd1 Qe7 12. Rab1 c5 13. Nb5 Ne8 14. cxd5 Bxd5
15. Be4 Ndf6 16. Bxd5 Nxd5 17. Bg3 a6 18. Nc3 Nb4 19. Qe2 cxd4 20. exd4 Qb7 21.
Be5 Rd8 22. Ne4 Nc6 23. Bxg7 Kxg7 24. Rbc1 Nd6 25. Nxd6 Rxd6 26. Qe4 Qd7 27.
Qe2 b5 28. Rc5 Rd8 29. Ne5 Nxe5 30. Qxe5+ f6 31. Qe3 Rxd4 32. Rxd4 Qxd4 33.
Rc7+ Kh8 34. Qxe6 Qd1+ 35. Kh2 Qd6+ 36. Qxd6 Rxd6 37. Kg3 Rd3+ 38. f3 Rd2 39.
Ra7 Rxb2 40. Rxa6 Kg7 41. a4 bxa4 42. Rxa4 g5 43. h4 Kg6 44. hxg5 fxg5 45. Ra6+
Kf5 46. Rh6 Rb7 47. Kh3 Rf7 48. g3 Rg7 49. g4+ Ke5 50. Kg3 Rf7 51. Rb6 Rd7 52.
Rh6 Rf7 53. Rh5 Kf6 54. f4 gxf4+ 55. Kxf4 Kg6+ 56. Kg3 Ra7 57. Rb5 Ra3+ 58. Kh4
Rf3 59. Rb6+ Rf6 60. Rb8 Rf7 61. Rb5 h6 62. Rb8 Rf1 63. Rb6+ Rf6 1/2-1/2

[Event "Cto Aragón Equipos Pref Gr I"]
[Site "Aragon"]
[Date "2015.02.21"]
[Round "5.44"]
[White "Ereza Vizcarra, Fernando"]
[Black "Pellicer Cerezuela, Miguel"]
[Result "1/2-1/2"]
[WhiteElo "1572"]
[BlackElo "1862"]
[PlyCount "181"]
[EventDate "2015.01.24"]
[WhiteTeam "Jaque"]
[BlackTeam "La Aurora Estadilla B"]

1. d4 Nf6 2. Nf3 e6 3. e3 c5 4. Bd3 b6 5. O-O Bb7 6. c4 Be7 7. b3 d6 8. Bb2
Nbd7 9. Nbd2 O-O 10. Qe2 Qc7 11. e4 cxd4 12. Nxd4 Nc5 13. Bc2 a6 14. Rad1 Rfe8
15. f4 d5 16. e5 Nfe4 17. Nxe4 Nxe4 18. cxd5 exd5 19. Nf5 Bf8 20. Bxe4 dxe4 21.
Ng3 Rac8 22. Rc1 Qd7 23. Nxe4 Rxc1 24. Rxc1 Qf5 25. Ng5 Bc5+ 26. Kh1 h6 27. Nf3
Qxf4 28. Rc4 Qf5 29. Qc2 Qxc2 30. Rxc2 Rd8 31. h3 Rd3 32. Rd2 Rxd2 33. Nxd2 Kf8
34. Kh2 Bf2 35. Nc4 g6 36. Ba3+ Kg8 37. Bb2 Bd5 38. Nd2 Kf8 39. Nf3 Ke7 40. Nd4
Kd7 41. Ne2 Kc6 42. Nf4 Be4 43. e6 fxe6 44. Nxe6 a5 45. Bc3 Bb1 46. a3 Kd5 47.
Nf4+ Kd6 48. g4 Be3 49. Kg3 Bc1 50. Bg7 b5 51. Bxh6 Bxf4+ 52. Bxf4+ Kd5 53. b4
a4 54. Kf2 Kc4 55. Ke1 Kb3 56. Bc1 Kc2 57. Bd2 Kb2 58. Kd1 Kxa3 59. Bc3 Kb3 60.
Kd2 Be4 61. h4 Bf3 62. h5 gxh5 63. gxh5 Bxh5 64. Bh8 a3 65. Kc1 Bg6 66. Bg7
Kxb4 67. Kd2 Kb3 68. Bf6 Ka4 69. Kc1 b4 70. Bg7 Kb3 71. Bf8 Ka4 72. Bg7 b3 73.
Bc3 Kb5 74. Bg7 Kc4 75. Bf6 Bc2 76. Be7 a2 77. Kb2 Bd1 78. Bf6 Kd3 79. Bh8 Kd2
80. Bc3+ Kd3 81. Bh8 Bc2 82. Bg7 Kc4 83. Bh8 Bh7 84. Bg7 Bg8 85. Bh8 Kd3 86.
Bg7 Kd2 87. Bc3+ Kd1 88. Bh8 a1=R 89. Kxa1 Kc2 90. Bg7 Bc4 91. Bh8 1/2-1/2

[Event "Cto Aragón Equipos Pref Gr I"]
[Site "Aragon"]
[Date "2015.02.21"]
[Round "5.46"]
[White "Carilla Garcia, Angel"]
[Black "Antonano Fedz-Quincoces, Aveli"]
[Result "0-1"]
[WhiteElo "1777"]
[BlackElo "1978"]
[PlyCount "100"]
[EventDate "2015.01.24"]
[WhiteTeam "ONCE Aragon B"]
[BlackTeam "St. Casablanca C"]

1. c4 e5 2. Nc3 f5 3. e4 d6 4. d3 Nc6 5. Nf3 g6 6. Bg5 Be7 7. Qd2 Nd4 8. Bxe7
Nxf3+ 9. gxf3 Nxe7 10. Qh6 Be6 11. Nd5 Bxd5 12. cxd5 c5 13. O-O-O Qa5 14. Kb1
O-O-O 15. Qd2 Qxd2 16. Rxd2 Rdf8 17. Bh3 Kb8 18. Rg1 Rf6 19. Rg2 Rhf8 20. Kc1
h6 21. Kd1 g5 22. Ke1 fxe4 23. fxe4 Ng6 24. Bg4 Nf4 25. Rg3 h5 26. Bf5 g4 27.
f3 gxf3 28. Rxf3 Nxd5 29. Rg2 Nf4 30. Rg5 h4 31. Kd2 Ne6 32. Rh5 Nd4 33. Rf2
Nxf5 34. Rfxf5 Rxf5 35. exf5 Kc7 36. Ke3 d5 37. Kf3 b5 38. b3 c4 39. bxc4 bxc4
40. dxc4 Kc6 41. cxd5+ Kxd5 42. Kg4 Ke4 43. Rg5 a5 44. a4 Ke3 45. f6 e4 46. Kf5
Kf2 47. Kxe4 Rxf6 48. Rf5+ Rxf5 49. Kxf5 Kg2 50. Kg4 h3 0-1

[Event "Cto Aragón Equipos Pref Gr I"]
[Site "Aragon"]
[Date "2015.02.21"]
[Round "5.47"]
[White "Calvo Mayayo, Jose Maria"]
[Black "Lanaspa Ballesteros, Federico"]
[Result "1-0"]
[WhiteElo "1925"]
[BlackElo "1611"]
[PlyCount "101"]
[EventDate "2015.01.24"]
[WhiteTeam "St. Casablanca C"]
[BlackTeam "ONCE Aragon B"]

1. c4 e5 2. Nc3 Nc6 3. g3 f5 4. Bg2 Nf6 5. d3 g6 6. Nf3 Bg7 7. O-O O-O 8. e3 d6
9. Rb1 Ne7 10. Nd2 g5 11. f4 Ng4 12. Nf3 exf4 13. exf4 gxf4 14. Bxf4 Ng6 15.
Bg5 Qe8 16. Re1 Qf7 17. h3 Nf6 18. Qd2 Kh8 19. Bxf6 Bxf6 20. Nd5 c6 21. Nxf6
Qxf6 22. d4 f4 23. g4 Bd7 24. Re2 Rae8 25. Rbe1 Rxe2 26. Rxe2 Re8 27. Rxe8+
Bxe8 28. Qe2 Bf7 29. b3 Nh4 30. Qf2 Nxg2 31. Kxg2 d5 32. Ne5 dxc4 33. bxc4 c5
34. Nxf7+ Qxf7 35. d5 b6 36. Qd2 h5 37. Kf3 Qf6 38. d6 hxg4+ 39. hxg4 Kg8 40.
Qd5+ Kg7 41. d7 Qd8 42. a4 Kf8 43. Qb7 Ke7 44. Qxa7 Kd6 45. Qb7 Qe7 46. Qd5+
Kc7 47. d8=Q+ Qxd8 48. Qxd8+ Kxd8 49. Kxf4 Ke8 50. Ke5 Ke7 51. Kd5 1-0

[Event "Cto Aragón Equipos Pref Gr I"]
[Site "Aragon"]
[Date "2015.02.21"]
[Round "5.48"]
[White "Pena Gil, Jose Alejandro"]
[Black "Lafarga Bueno, Daniel"]
[Result "0-1"]
[WhiteElo "1561"]
[BlackElo "1910"]
[PlyCount "82"]
[EventDate "2015.01.24"]
[WhiteTeam "ONCE Aragon B"]
[BlackTeam "St. Casablanca C"]

1. d4 c5 2. c3 cxd4 3. Qxd4 Nc6 4. Qd1 Nf6 5. Nf3 e5 6. Bg5 Qb6 7. Qc2 d5 8.
Bxf6 gxf6 9. e3 Be6 10. Nbd2 O-O-O 11. a4 Kb8 12. b4 d4 13. a5 Qc7 14. Rc1 dxc3
15. Nb1 Bxb4 16. Bb5 Nxa5 17. O-O Bb3 18. Qe4 Qc5 19. Bd3 Bd5 20. Qf5 Be6 21.
Qxf6 Nc6 22. Bc2 Rhg8 23. Kh1 Rd6 24. Qh4 h6 25. Ne1 Bc4 26. Rg1 Rgd8 27. Qg4
Ba5 28. Qg3 b5 29. Nf3 b4 30. Qg4 Be6 31. Qh4 b3 32. Be4 f5 33. Bxc6 Rxc6 34.
Qa4 Rdc8 35. Ne1 Qb4 36. Qxb4+ Bxb4 37. Nd3 Ba5 38. Nxe5 Rc5 39. Nf3 b2 40.
Rce1 c2 41. Na3 c1=Q 0-1

[Event "Cto Aragón Equipos Pref Gr I"]
[Site "Aragon"]
[Date "2015.02.21"]
[Round "5.49"]
[White "Baron Rodriguez, Jesus"]
[Black "Lopez Caudevilla, David"]
[Result "0-1"]
[WhiteElo "2441"]
[BlackElo "1978"]
[PlyCount "76"]
[EventDate "2015.01.24"]
[WhiteTeam "Ibercaja B"]
[BlackTeam "Actur Rey Fernando"]

1. e4 g6 2. d4 Bg7 3. Nc3 a6 4. a4 b6 5. f4 Bb7 6. Nf3 d6 7. Be3 Nd7 8. Bc4 e6
9. f5 exf5 10. Ng5 Nh6 11. O-O O-O 12. exf5 Qe7 13. Qd3 Nxf5 14. Rae1 Nf6 15.
Bd2 Qd8 16. Qh3 d5 17. Bd3 Bc8 18. Re5 h6 19. Bxf5 Bxf5 20. Rexf5 gxf5 21. Nf3
Ng4 22. Qg3 Kh8 23. Qf4 c5 24. Qxf5 cxd4 25. Nxd5 Rc8 26. Bb4 Re8 27. Qxf7 Ne3
28. Ne7 Nxf1 29. Ne5 Rxe7 30. Ng6+ Kh7 31. Nxe7 Rc7 32. Qf5+ Kh8 33. Ng6+ Kg8
34. Qxf1 Rxc2 35. Ne7+ Kh8 36. Qf5 d3 37. Ng6+ Kg8 38. Ne7+ Qxe7 0-1

[Event "Cto Aragón Equipos Pref Gr I"]
[Site "Aragon"]
[Date "2015.02.21"]
[Round "5.50"]
[White "Aviol Perez, Jose Mariano"]
[Black "Gines Esteo, Pedro Antonio"]
[Result "0-1"]
[WhiteElo "1906"]
[BlackElo "2044"]
[PlyCount "68"]
[EventDate "2015.01.24"]
[WhiteTeam "Actur Rey Fernando"]
[BlackTeam "Ibercaja B"]

1. d4 Nf6 2. Nf3 e6 3. c4 Bb4+ 4. Bd2 Qe7 5. Nc3 Bxc3 6. Bxc3 Ne4 7. Qc2 Nxc3
8. Qxc3 d6 9. g3 O-O 10. Bg2 Nd7 11. O-O Re8 12. Rac1 c6 13. c5 d5 14. Nd2 f5
15. f4 b6 16. cxb6 axb6 17. Qxc6 Rxa2 18. Bxd5 exd5 19. Qxd5+ Qf7 20. Qb5 Ra5
21. Qb4 Qd5 22. Rc7 Nf6 23. Qxb6 Rb5 24. Qa7 Bb7 25. Nf3 Ra8 26. e4 Nxe4 27.
Qxa8+ Bxa8 28. Rc8+ Kf7 29. Rfc1 Nd6 30. R1c7+ Kg6 31. Ne5+ Kh6 32. Rc6 Bxc6
33. Rxc6 Qxd4+ 34. Kg2 Rxe5 0-1

[Event "Cto Aragón Equipos Pref Gr I"]
[Site "Aragon"]
[Date "2015.02.21"]
[Round "5.51"]
[White "Gines Abad, Pedro"]
[Black "Fernandez Sierra, Pedro Jose"]
[Result "1-0"]
[WhiteElo "2036"]
[BlackElo "1750"]
[PlyCount "43"]
[EventDate "2015.01.24"]
[WhiteTeam "Ibercaja B"]
[BlackTeam "Actur Rey Fernando"]

1. Nf3 e6 2. g3 d5 3. Bg2 c5 4. O-O Nc6 5. d4 Nf6 6. c4 cxd4 7. Nxd4 Qb6 8.
Nxc6 bxc6 9. Nc3 Be7 10. cxd5 cxd5 11. e4 dxe4 12. Nxe4 Nd5 13. Nc3 Bb7 14.
Nxd5 Bxd5 15. Bxd5 exd5 16. Qxd5 O-O 17. Be3 Qg6 18. Rac1 Bf6 19. b3 Rfd8 20.
Qb7 Bg5 21. Rc6 Qf5 22. Rc5 1-0

[Event "Cto Aragón Equipos Pref Gr I"]
[Site "Aragon"]
[Date "2015.02.21"]
[Round "5.52"]
[White "Arbiol Val, Sergio"]
[Black "Torcal Miguel, Oscar"]
[Result "0-1"]
[WhiteElo "1676"]
[BlackElo "1893"]
[PlyCount "110"]
[EventDate "2015.01.24"]
[WhiteTeam "Actur Rey Fernando"]
[BlackTeam "Ibercaja B"]

1. e4 c5 2. Nf3 d6 3. d4 cxd4 4. Nxd4 Nf6 5. Nc3 g6 6. Be3 Bg7 7. f3 O-O 8. Qd2
Nc6 9. Bc4 Bd7 10. O-O-O Ne5 11. Bb3 Qa5 12. Bh6 Rfc8 13. Bxg7 Kxg7 14. Nd5
Qxd2+ 15. Rxd2 Nxd5 16. exd5 a5 17. a4 Rab8 18. f4 Nc4 19. Re2 Nb6 20. Rxe7 Re8
21. Rhe1 Kf6 22. Rxe8 Rxe8 23. Rxe8 Bxe8 24. Nb5 Bxb5 25. axb5 Kf5 26. c4 Nd7
27. g3 Ke4 28. Kd2 Kf3 29. Bc2 h5 30. f5 Ne5 31. fxg6 fxg6 32. c5 dxc5 33. Kc3
Kg4 34. d6 Kg5 35. Be4 b6 36. Bc6 Kf6 37. Bd5 Nf7 38. d7 Nd8 39. Kc4 Ke7 40.
Bc6 Nf7 41. Kd5 Nh6 42. Ke4 Nf7 43. Kf4 Kf6 44. Bd5 g5+ 45. Ke4 Nd6+ 46. Kd3
Ke7 47. Bc6 Nf5 48. Ke4 Nd4 49. Ke3 a4 50. Kd3 Kd8 51. Kc4 g4 52. Kd3 Nf3 53.
Bxf3 gxf3 54. Ke3 c4 55. Kxf3 c3 0-1

[Event "Cto Aragón Equipos Pref Gr II"]
[Site "Aragon"]
[Date "2015.02.21"]
[Round "5.53"]
[White "Muro Turon, Raul"]
[Black "Malo Guillen, Jose Luis"]
[Result "0-1"]
[WhiteElo "1893"]
[BlackElo "2167"]
[PlyCount "60"]
[EventDate "2015.01.24"]
[WhiteTeam "Tauste B"]
[BlackTeam "Las Fuentes"]

1. e4 d5 2. exd5 Nf6 3. d4 Nxd5 4. c4 Nb6 5. Nc3 e5 6. Be3 exd4 7. Qxd4 Qxd4 8.
Bxd4 Nc6 9. Nf3 Bg4 10. O-O-O O-O-O 11. Be3 Rxd1+ 12. Nxd1 Bxf3 13. gxf3 Ne5
14. Bxb6 axb6 15. Be2 g6 16. Ne3 Bh6 17. Rd1 Re8 18. Kc2 Nc6 19. Kd2 Nd4 20.
Re1 f5 21. Bd1 c6 22. Kc1 Bf4 23. h4 Kd7 24. Kb1 Re6 25. Ng2 Bd2 26. Rxe6 Kxe6
27. f4 Kf6 28. Ne3 Be1 29. h5 Bxf2 30. Ng2 Ne6 0-1